| 000 | 00365cam a2200145ua 4500 | ||
|---|---|---|---|
| 041 |
_aeng _h |
||
| 082 |
_a821 _bHER/PO |
||
| 100 | _aHerrick, Robert . | ||
| 245 |
_aPoems of Robert herrick / _cRobert herrick. _hTextual Documents |
||
| 260 |
_aLondon : _bOxford University Press , _c1965. |
||
| 300 | _a478 ; . | ||
| 504 | _a | ||
| 942 | _cBK | ||
| 999 |
_c5371 _d5371 |
||